Southville International School and Colleges
Your cart is empty.
  • Cart
  • Lists
    Public lists Eva Luna New books Lux_list list_1
    Your lists Log in to create your own lists
  • Log in to your account
  • Your cookies
  • Search history
Southville International School and Colleges
  • Advanced search
  • Recent comments
  • Most popular
  • Libraries

Log in to your account

Log in with GOOGLE


If you do not have an external account, but do have a local account, you can still log in:

  1. Home
  2. MARC view: Disney's Toy story /
Normal view MARC view ISBD view

Disney's Toy story / (Record no. 1043)

[ view plain ]
MARC details
000 -LEADER
fixed length control field 01174nam a2200337 a 4500
001 - CONTROL NUMBER
control field 2563513
003 - CONTROL NUMBER IDENTIFIER
control field OSt
005 - DATE AND TIME OF LATEST TRANSACTION
control field 20140310181653.0
008 - FIXED-LENGTH DATA ELEMENTS--GENERAL INFORMATION
fixed length control field 951228s1995 nyua c 000 1 eng d
010 ## - LIBRARY OF CONGRESS CONTROL NUMBER
LC control number 95069981
020 ## - INTERNATIONAL STANDARD BOOK NUMBER
International Standard Book Number 0786840560 (pbk.) :
Terms of availability $4.95
035 ## - SYSTEM CONTROL NUMBER
System control number (OCoLC)33870373
040 ## - CATALOGING SOURCE
Original cataloging agency MiWaOW
Transcribing agency MiWaOW
Modifying agency IChamL
-- DLC
042 ## - AUTHENTICATION CODE
Authentication code lccopycat
-- lcac
050 00 - LIBRARY OF CONGRESS CALL NUMBER
Classification number PZ 7
Item number .D612 1995
082 00 - DEWEY DECIMAL CLASSIFICATION NUMBER
Classification number KF
Item number W17t 1995
100 1# - MAIN ENTRY--PERSONAL NAME
Personal name Dubowski, Cathy East.
9 (RLIN) 3774
245 10 - TITLE STATEMENT
Title Disney's Toy story /
Statement of responsibility, etc Dubuwski,East Cathy
246 3# - VARYING FORM OF TITLE
Title proper/short title Toy story
250 ## - EDITION STATEMENT
Edition statement 1st ed.
260 ## - PUBLICATION, DISTRIBUTION, ETC. (IMPRINT)
Place of publication, distribution, etc New York :
Name of publisher, distributor, etc Disney Press,
Date of publication, distribution, etc c1995.
300 ## - PHYSICAL DESCRIPTION
Extent 104 p. :
Other physical details col. ill. ;
Dimensions 22 cm.
520 ## - SUMMARY, ETC.
Summary, etc Woody the cowboy and Buzz Lightyear, two talking toys, find themselves uneasy allies when they attempt to escape the evil Sid, a boy who likes to dismember and reassemble "mutant" toys.
541 ## - IMMEDIATE SOURCE OF ACQUISITION NOTE
-- 1
562 ## - COPY AND VERSION IDENTIFICATION NOTE
Number of copies 1
650 #1 - SUBJECT ADDED ENTRY--TOPICAL TERM
Topical term or geographic name as entry element Toys
General subdivision Fiction.
9 (RLIN) 3775
906 ## - LOCAL DATA ELEMENT F, LDF (RLIN)
a 7
b cbc
c copycat
d 2
e opcn
f 19
g y-gencatlg
942 ## - ADDED ENTRY ELEMENTS (KOHA)
Source of classification or shelving scheme Library of Congress Classification
Koha item type
Call number prefix
Holdings
Withdrawn status Lost status Source of classification or shelving scheme Damaged status Home library Current library Shelving location Date acquired Total Checkouts Full call number Barcode Date last seen Copy number Price effective from Koha item type
    Library of Congress Classification   Luxembourg Library Luxembourg Library Kids Fiction Section 04/13/2012   PZ 7 .D612 1995 8500 08/13/2013 1 10/03/2013 Books

Disney's Toy story /

APA

Dubowski C. E., . (1995). Disney's Toy story. New York: Disney Press.

Chicago

Dubowski Cathy East, . 1995. Disney's Toy story. New York: Disney Press.

Harvard

Dubowski C. E., . (1995). Disney's Toy story. New York: Disney Press.

MLA

Dubowski Cathy East, . Disney's Toy story. New York: Disney Press. 1995.

  • Place hold
  • Print
  • Cite
  • Add to your cart (remove)
  • Save record
    BIBTEX Dublin Core MARCXML MARC (non-Unicode/MARC-8) MARC (Unicode/UTF-8) MARC (Unicode/UTF-8, Standard) MODS (XML) RIS
  • More searches
    Search for this title in:
    Other Libraries (WorldCat) Other Databases (Google Scholar) Online Stores (Bookfinder.com) Open Library (openlibrary.org)

Exporting to Dublin Core...

SOUTHVILLE LIBRARY

Southville International School and Colleges Library

1281 Tropical Ave. Cor. Luxembourg St., BF Homes International, Las Pinas City

Tel. No. 8256374 / 252358 Loc. 117/146

Powered by Koha